000 00446cam a2200193 a 4500
001 12008969
005 20250108042300.0
008 000124s2000 ii a b 000 0 eng
020 _a8186706216
040 _aDLC
_cDLC
_dDLC
082 0 0 _a305.3
_26903
_bKAM
100 1 _aBhasin, K
245 1 0 _aUnderstanding Gender
260 _aNew Delhi
_bKali for Women
_c2000
300 _a86 p.,
650 0 _aSex role
650 0 _aGender
942 _cL
999 _c5948
_d5948